000
00292nam a2200133Ia 4500
100
_a
Skidmore/Steve/ Wroe/B
942
_c
BK
654
_a
System Design
245
_a
Introducing System Design
260
_b
B P B Pub.
_a
NEW DELHI
_c
1992
300
_a
308
546
_a
ENGLISH
999
_c
23986
_d
23986